| 000 | 00701nam a2200265Ia 4500 | ||
|---|---|---|---|
| 003 | OSt | ||
| 005 | 20221006144635.0 | ||
| 006 | a|||||r|||| 00| 0 | ||
| 007 | ta | ||
| 008 | 221006b |||||||| |||| 00| 0 chi d | ||
| 020 | _cYu 2.10 | ||
| 024 | _a12,216 | ||
| 037 |
_bGift, PRC _cTextual |
||
| 040 |
_aEASL _cEASL _bchi |
||
| 041 |
_2chi _achi |
||
| 082 | _aP41,3, M8 | ||
| 100 |
_aSONG Guang Zhong _9652502 |
||
| 245 | 0 | _aYuwen chang yong ci cixing shouce | |
| 260 |
_aBeijing _bBeijing Chubanshe China _c1988 |
||
| 300 |
_a238p. _ccm. |
||
| 490 | _v CL | ||
| 650 |
_aCL _9642733 |
||
| 942 |
_hP41,3, M8 _cTEXL _2CC |
||
| 999 |
_c1080302 _d1080302 |
||